ბათუმის შოთა რუსთაველის სახელმწიფო უნივერსიტეტის ბიბლიოთეკა

წარსულიდან მოგონებები (ბიბ.ჩანაწერი № 49093)

000 -LEADER
fixed length control field 00892nam a2200241Ia 4500
001 - CONTROL NUMBER
control field 16000
003 - CONTROL NUMBER IDENTIFIER
control field GE_BSU
008 - FIXED-LENGTH DATA ELEMENTS--GENERAL INFORMATION
fixed length control field 181216s||||||||xx |||||||||||||| ||und||
040 ## - CATALOGING SOURCE
Transcribing agency GE_BSU
080 ## - UNIVERSAL DECIMAL CLASSIFICATION NUMBER
Universal Decimal Classification number 821.353.1.092
100 ## - MAIN ENTRY--PERSONAL NAME
Personal name ჯავახიშვილი, თინათინ
245 ## - TITLE STATEMENT
Title წარსულიდან მოგონებები
245 ## - TITLE STATEMENT
Remainder of title მთარგმნელის მოგონებები
245 ## - TITLE STATEMENT
Statement of responsibility, etc. რედ.რ.ჯაფარიძე. მხ. დ. დუნდუა
260 ## - PUBLICATION, DISTRIBUTION, ETC.
Place of publication, distribution, etc. თბილისი
260 ## - PUBLICATION, DISTRIBUTION, ETC.
Name of publisher, distributor, etc. საბჭ. საქართველო
260 ## - PUBLICATION, DISTRIBUTION, ETC.
Date of publication, distribution, etc. 1969.
300 ## - PHYSICAL DESCRIPTION
Extent 104გვ. ; 17სმ
653 ## - INDEX TERM--UNCONTROLLED
Uncontrolled term მთარგმნელის მოგონებები
653 ## - INDEX TERM--UNCONTROLLED
Uncontrolled term ქართველი მწერლები;
653 ## - INDEX TERM--UNCONTROLLED
Uncontrolled term წარსულიდან
942 ## - ADDED ENTRY ELEMENTS (KOHA)
Koha item type წიგნი
ეგზემპლარები
Withdrawn status Lost status Damaged status Not for loan Date acquired Barcode Date last seen Price effective from Koha item type
        2018-12-17 39802 2018-12-17 2018-12-17 წიგნი